| 000 | 00348nam a22001337a 4500 | ||
|---|---|---|---|
| 008 | 260428b |||||||| |||| 00| 0 eng d | ||
| 020 | _a9788579753633 | ||
| 100 | _aTOMAZONI, Julio Caetano | ||
| 245 | _aIntroducao ao QGIS: OSGEO4W-3.30.1 | ||
| 250 | _a2 ed. | ||
| 260 |
_aSap Paulo _bOficina de textos _c2023 |
||
| 300 | _a318p. | ||
| 942 |
_2udc _cBK |
||
| 999 |
_c56198 _d56197 |
||